ბათუმის შოთა რუსთაველის სახელმწიფო უნივერსიტეტის ბიბლიოთეკა

ჩანგი. [ქართველ პოეტთა ნაწარმოებების კრებული] (ბიბ.ჩანაწერი № 48544)

000 -LEADER
fixed length control field 00746nam a2200205Ia 4500
001 - CONTROL NUMBER
control field 15441
003 - CONTROL NUMBER IDENTIFIER
control field GE_BSU
008 - FIXED-LENGTH DATA ELEMENTS--GENERAL INFORMATION
fixed length control field 181216s||||||||xx |||||||||||||| ||und||
040 ## - CATALOGING SOURCE
Transcribing agency GE_BSU
080 ## - UNIVERSAL DECIMAL CLASSIFICATION NUMBER
Universal Decimal Classification number 821.353.1-1
245 ## - TITLE STATEMENT
Title ჩანგი. [ქართველ პოეტთა ნაწარმოებების კრებული]
245 ## - TITLE STATEMENT
Statement of responsibility, etc. რედ.ხ.ბერულავა. მხატვ.გ.დიკი
260 ## - PUBLICATION, DISTRIBUTION, ETC.
Place of publication, distribution, etc. თბილისი
260 ## - PUBLICATION, DISTRIBUTION, ETC.
Name of publisher, distributor, etc. ნაკადული
260 ## - PUBLICATION, DISTRIBUTION, ETC.
Date of publication, distribution, etc. 1960
300 ## - PHYSICAL DESCRIPTION
Extent 188გვ.პორტრ.17სმ.
653 ## - INDEX TERM--UNCONTROLLED
Uncontrolled term ქართველ პოეტთა ნაწარმოებების კრებული
653 ## - INDEX TERM--UNCONTROLLED
Uncontrolled term ჩანგი.
942 ## - ADDED ENTRY ELEMENTS (KOHA)
Koha item type წიგნი
ეგზემპლარები
Withdrawn status Lost status Damaged status Not for loan Date acquired Barcode Date last seen Price effective from Koha item type
        2018-12-17 38370 2018-12-17 2018-12-17 წიგნი
        2018-12-17 38371 2018-12-17 2018-12-17 წიგნი